000 00969cam a2200325Ia 4500
001 7883449
003 ARRUPE
005 20161110120142.0
008 060420s2006 xxka 001 0 eng d
020 _a9781905068166
020 _a1905068166
024 _a99938360729
035 _a(OCoLC)67246327
035 _a(OCoLC)ocm67246327\
035 _a(NNC)7883449
040 _aDHU
_cDHU
_dYDX
_dCUI
_dYDXCP
043 _af------
050 4 _aDT30.5
_b.D65 2006
100 1 _aDompere, K. K.
_927381
245 1 0 _aAfrican Union Pan African analytical foundations /
_cby Kofi Kissi Dompere.
250 _a1st ed.
260 _aLondon :
_bAdonis & Abbey Publishers Ltd.,
_cc2006.
300 _axiv, 256 p. :
_bill. ;
_c24 cm.
504 _aIncludes bibliographical references (p.221-240) and indexes.
610 2 0 _aAfrican Union.
_927382
650 0 _aPan-Africanism.
_93229
942 _2lcc
_cMONOGRAPH
948 1 _a20101209
_bc
_csl13
_dMPS
999 _c125706
_d125706